| 000 | 00937 a2200253 4500 | ||
|---|---|---|---|
| 999 |
_c200128880 _d35228 |
||
| 001 | 200128880 | ||
| 003 | TR-AnTOB | ||
| 005 | 20241121111735.0 | ||
| 008 | 130708s2010 tu 000 0 | ||
| 040 |
_aTR-AnTOB _cTR-AnTOB |
||
| 041 | _atur | ||
| 050 | 0 | 0 |
_aJQ1806.Z13 _bM35 2010 |
| 090 | _aJQ1806.Z13.M35 2010 | ||
| 110 | 1 |
_aTürkiye. _bMaliye Bakanlığı. _bTeftiş Kurulu Başkanlığı _987671 |
|
| 245 | 1 | 0 |
_aMaliye Bakanlığı Teftiş Kurulu Başkanlığı : _b2009 yılı faaliyet raporu / _ccMaliye Bakanlığı Teftiş Kurulu Başkanlığı. |
| 264 | 1 |
_aAnkara : _bMaliye Bakanlığı Teftiş Kurulu Başkanlığı, _c2010. |
|
| 300 |
_a55 sayfa : _bgrafik, tablo ; _c24 cm. |
||
| 610 | 1 | 4 |
_aTürkiye. _bMaliye Bakanlığı. _bTeftiş Kurulu Başkanlığı _987671 |
| 650 | 0 |
_aFinans _zTürkiye _93 |
|
| 650 | 0 |
_aFinance _zTurkey _917911 |
|
| 710 |
_aTürkiye. _bMaliye Bakanlığı _945860 |
||
| 942 |
_cBK _2lcc |
||